|
|
|
|
| LEADER |
00616cam a2200181 7i4500 |
| 001 |
0000018331 |
| 005 |
20200518090000.0 |
| 020 |
|
|
|a 0470041153
|
| 090 |
0 |
0 |
|a RA784
|b .D89 2007
|
| 100 |
1 |
|
|a Duyff, Roberta Larson
|
| 245 |
1 |
0 |
|a American Dietetic Association complete food and nutrition guide
|c Roberta Larson Duyff.
|
| 250 |
|
|
|a 3rd ed.
|
| 260 |
|
|
|a New Jersey:
|b John Wiley & Sons,
|c 2007.
|
| 300 |
|
|
|a xi, 676 p.;
|c 25 cm.
|
| 504 |
|
|
|a Includes bibliographical references and index
|
| 650 |
0 |
0 |
|a Nutrition --
|x Popular works
|
| 997 |
|
|
|a Health Sciences, Faculty
|
| 999 |
|
|
|a 0000024270
|b BOK
|c REFERENCE
|e 2nd Floor, Shah Alam
|